Statistics for Fast Typing - 12 Months in Order

Click here to take the quiz!

General Stats

  • This quiz has been taken 124 times
  • The average score is 8 of 12

Answer Stats

Month % Correct
January
100%
February
86%
March
84%
April
81%
May
78%
June
74%
July
67%
August
57%
September
43%
October
36%
November
29%
December
17%

Score Distribution

Percentile by Number Answered

Percent of People with Each Score

Your Score History

You have not taken this quiz